Normal view MARC view
  • Barth, Karl,

Entry Personal Name

Number of records used in: 2

001 - CONTROL NUMBER

  • control field: 11682

003 - CONTROL NUMBER IDENTIFIER

  • control field: NUST

005 - DATE AND TIME OF LATEST TRANSACTION

  • control field: 20180716062333.0

008 - FIXED-LENGTH DATA ELEMENTS

  • fixed length control field: 180716|| aca||aabn | a|a d

040 ## - CATALOGING SOURCE

  • Original cataloging agency: NUST
  • Transcribing agency: NUST

100 ## - HEADING--PERSONAL NAME

  • Personal name: Barth, Karl,
  • Dates associated with a name: 1886-1968.

670 ## - SOURCE DATA FOUND

  • Source citation: Work cat.: (NUST)174499: Barth, Karl, 1886-1968., God here and now /, 2003.
© 2023 Central Library, National University of Sciences and Technology. All Rights Reserved.